1239 1785 1995 1980 1798 1127 1445 1088 1604 1816 1952 1260 1537 1630 1111 1176 1870 1156 1897 1099 1346 1179 1191 1104 1926 1435 1255 1172 1638 1445 1996 1099 1582 1729 1391 1173 1055 1529 1621 1042 1553 1424 1173 1599 1399 1560 1666 1260 1915 1728 1819 1042 1253 1120 1204 1421 1641 1566 1442 1625 1210 1236 1844 1124 1487 1063 1753 1179 1678 1881 1463 1640 1146 1918 1371 1430 1728 1457 1163 1330 1433 1957 1500 1192 1435 1059 1374 1000 1905 1109 1461 1857 1206 1761 1895 1020 1485 1514 1111 BCNSPRNW ULIB Ver.6.0+V

เปลี่ยนเป็นภาษาไทย

Change to English
 แสดงรายละเอียดบรรณานุกรม
  กลับหน้าหลัก

Brief Record : Get Marc (ISO 2709) : E-mail record : QR code < ปิดหน้าต่าง
LEADER : 00000nam 2200000uu 4500
001    13399121056
003     ULIB
008    121101s2552||||th 000 0 tha d
020    ^a9746110837
050  4 ^aHV859.T5^bส719ก ล.1
245 00 ^aการจัดการสถานเลี้ยงเด็กในชุมชน =^bManagement of child care centers /^cสาขาวิชาคหกรรมศาสตร์ มหาวิทยาลัยสุโขทัยธรรมาธิราช
246 31 ^aManagement of child care centers
250    ^aพิมพ์ครั้งที่ 13
260    ^aนนทบุรี :^bสำนักพิมพ์มหาวิทยาลัยสุโขทัยธรรมาธิราช,^c2552
300    ^a2 เล่ม :^bภาพประกอบ ;^c30 ซม.
500    ^a"เอกสารการสอนชุดวิชา 70423 หน่วยที่ 1-7, 8-15"- หน้าปกใน
650  4 ^aเด็ก^xการดูแลและสุขวิทยา
650  4 ^aสถานเลี้ยงเด็ก^xการจัดการ
710 2  ^aมหาวิทยาลัยสุโขทัยธรรมาธิราช. ^bสาขาวิชาคหกรรมศาสตร์
945    ^p0^l0^i16958
945    ^p0^l0^i16959
945    ^p0^l0^i16960
995    ^aทศพร
999    ^aทศพร เกษรทอง
รายการนี้ยังไม่มีแท็ก
คุณยังไม่ได้ล็อกอิน คุณสามารถมีกิจกรรมร่วมกับเว็บไซต์ได้ แต่ต้องล็อกอินก่อน ::
  ล็อกอิน

รายการสื่อสารสนเทศ

ลำดับที่ ประเภท เลขเรียก/บาร์โค้ด สถานที่ สถานะ
1. วิทยาศาสตร์การแพทย์ และสุขภาพ
วิทยาศาสตร์การแพทย์ และสุขภาพ
HV859.T5 ส719ก ล.1 ฉ.1 
  Barcode: 16958
ห้องสมุดวิทยาเขตสวรรค์ประชารักษ์
►หนังสือทั่วไป
บนชั้น
2. วิทยาศาสตร์การแพทย์ และสุขภาพ
วิทยาศาสตร์การแพทย์ และสุขภาพ
HV859.T5 ส719ก ล.1 ฉ.2 
  Barcode: 16959
ห้องสมุดวิทยาเขตสวรรค์ประชารักษ์
►หนังสือทั่วไป
บนชั้น
3. วิทยาศาสตร์การแพทย์ และสุขภาพ
วิทยาศาสตร์การแพทย์ และสุขภาพ
HV859.T5 ส719ก ล.1 ฉ.3 
  Barcode: 16960
ห้องสมุดวิทยาเขตสวรรค์ประชารักษ์
►หนังสือทั่วไป
บนชั้น

BibComment


ยังไม่เคยถูกคอมเมนท์

คอมเมนท์ทรัพยากรรายการนี้
  คอมเมนท์: การจัดการสถานเลี..


 Copyright 2026. Bcnsprnw @Library